000 00328nam a2200133Ia 4500
008 190216s9999||||xx |||||||||||||| ||und||
100 _aFewkes. J.H And John Yarwood
245 0 _aElectricity And Magnetism
250 _a2nd Ed.
260 _bOxford University Press
_c1965
300 _a801
650 _aPhysics
942 _cBK
999 _c32936
_d32936